|
|
|
|
| LEADER |
00000nam2a2200000 4500 |
| 001 |
234843 |
| 005 |
20231101231344.0 |
| 035 |
|
|
|a (RuTPU)RU\TPU\book\255971
|
| 090 |
|
|
|a 234843
|
| 100 |
|
|
|a 20130330d1910 k y0rusy50 ca
|
| 101 |
0 |
|
|a rus
|
| 102 |
|
|
|a RU
|
| 105 |
|
|
|a y z 000zy
|
| 200 |
1 |
|
|a Геологические исследования в Барлыке, Майли и Джаире летом 1909 года
|e краткий отчет
|e [оттиск статьи]
|f В. А. Обручев
|
| 210 |
|
|
|c Типо-литография Сибирского Т-ва Печатного Дела
|d 1910
|
| 215 |
|
|
|a 9 с.
|c ил.
|
| 317 |
|
|
|5 63413507: 180853
|a Поступила в НТБ в 1940 г. в составе книжного собрания академика М. А. Усова
|
| 461 |
|
1 |
|0 (RuTPU)RU\TPU\book\165999
|t Известия Томского Технологического Института [Известия ТТИ]
|f Томский технологический институт (ТТИ)
|v Т. 20, № 4
|d 1903-1925
|
| 488 |
|
1 |
|0 (RuTPU)RU\TPU\book\183234
|t Геологические исследования в Барлыке, Майли и Джаире, летом 1909 года
|o краткий отчет
|f В. А. Обручев
|a Обручев, Владимир Афанасьевич
|
| 606 |
1 |
|
|a Геология
|2 stltpush
|3 (RuTPU)RU\TPU\subj\6095
|9 34054
|
| 610 |
1 |
|
|a Западная Монголия
|
| 610 |
1 |
|
|a Джунгария
|
| 610 |
1 |
|
|a геологические исследования
|
| 610 |
1 |
|
|a рельеф
|
| 610 |
1 |
|
|a полезные ископаемые
|
| 610 |
1 |
|
|a труды учёных ТПУ
|
| 610 |
1 |
|
|a коллекция В. А. Обручева
|
| 610 |
1 |
|
|a библиотека М. А. Усова
|
| 675 |
|
|
|a 55
|v 3
|
| 700 |
|
1 |
|a Обручев
|b В. А.
|c российский геолог
|c профессор Томского технологического института
|c исследователь Сибири, Центральной и Средней Азии
|c географ
|f 1863-1956
|g Владимир Афанасьевич
|2 stltpush
|3 (RuTPU)RU\TPU\pers\996
|
| 801 |
|
1 |
|a RU
|b 63413507
|c 20130330
|
| 801 |
|
2 |
|a RU
|b 63413507
|c 20181207
|g RCR
|
| 942 |
|
|
|c BK
|